| 000 | 00485nam a2200157Ia 4500 | ||
|---|---|---|---|
| 008 | 170224s9999 xx 000 0 und d | ||
| 100 | _aAlecia Swasy | ||
| 245 | 2 | _aA Little Birdie Told Me: Factors that Influence the Diffusion of Twitter in Newsrooms | |
| 245 | _cAlecia Swasy | ||
| 260 | _bJournal of Broadcasting & Electronic Media | ||
| 260 | _cDecember | ||
| 300 | _a60:4, Pages: 643-656 | ||
| 500 | _aDecember | ||
| 650 | _xCommunication Arts | ||
| 650 | _xMultimedia Arts | ||
| 999 |
_c316171 _d316171 |
||